| 000 | 00414nam a2200145Ia 4500 | ||
|---|---|---|---|
| 999 |
_c13122 _d13122 |
||
| 082 | _aRP0288 | ||
| 100 | _aParamasivan, C. | ||
| 245 | 0 |
_aEconomic violation against Dalit entrepreneurs in Tamilnadu _b: |
|
| 260 |
_c2014 _bIndian Council of Social Science Research, New Delhi |
||
| 300 | _av.p | ||
| 504 | _aincludes appendices and bibliography | ||
| 650 | _aDALITS | ||
| 650 | _aENTREPRENEURS | ||
| 942 |
_cRP _2ddc |
||